| 000 | 00639nam a22001937a 4500 | ||
|---|---|---|---|
| 005 | 20170522104600.0 | ||
| 010 | _aENG-118274 | ||
| 020 |
_a9780199466276 _c795.00 |
||
| 035 | _aEN-101806 | ||
| 037 | _bDBAD/PUB | ||
| 082 | _a303.4840954 | ||
| 100 | _aHardtmann,Eva-Maria | ||
| 245 |
_aSouth Asian activists in the global justice movement / _cby Eva-Maria Hardtmann |
||
| 260 |
_aNew Delhi _bOxford University Press _c2017 |
||
| 270 |
_aYMCA Library Building,1 Jai Singh Road _b New Delhi _e110001 |
||
| 300 |
_axii,248p. _c23cm.(Hb) |
||
| 500 | _aIncludes references and index | ||
| 942 |
_2ddc _cEN _h303.4840954 _mHAR |
||
| 999 |
_c140166 _d140166 |
||